000 00688nam a2200217Ia 4500
008 180620s9999 xx 000 0 und d
020 _a978-1-904760-34-4
050 _aREF TX 725.A1
050 _b.K58 2006
245 0 _aKitchen essentials :
245 4 _bthe complete illustrated reference to the ingredients, equipment, terms and techniques that ensure culinary success /
260 _aLondon :
260 _bCarroll and Brown Publishing,
260 _c2006
300 _a256 pages :
300 _bcolored illustrations ;
300 _c26 cm.
500 _aIncludes index.
650 _aCookery -- Handbook, manuals, etc.
650 _xCookery -- Equipment and supplies.
999 _c358050
_d358050